000 00882nam a22002417a 4500
005 20240530110542.0
008 150704s2013 jo g b 000 0 ara d
017 _a2012/9/3657
_bالاردن . دائرة المكتبات الوطنية
020 _a9789957327262
040 _aEG-CaGPL
082 0 4 _221
_a341.37\
_bر س
100 0 _aرضا هميسي
245 1 0 _aسلطة المنظمة الدولية فى ابرام المعاهدات /
_cرضا هميسي .
250 _aط1.
260 _aعمان :
_bدار الحامد للنشر والتوزيع ،
_c2013 .
300 _a329 ص ؛
_c24 سم .
504 _aببليوجرافية : ص 315 - 329
650 0 4 _aالمنظمات الدولية
650 0 4 _aالقانون الدولى
650 0 4 _aالاتفاقيات الدولية
942 _2ddc
_cBK
999 _c62270
_d62270